000 01848cam a22004934i 4500
003 PE-LiUPU
005 20250731173503.0
008 150616s r 000 0 d
020 _a0877849986
035 _a(Sirsi) i9780877849988
040 _aPE-LiUPU
_bspa
_cPE-LiUPU
_erda
049 _aPRUA
082 0 4 _b
_221
100 1 _aStott, John R. W.,
_eautor.
245 1 4 _aThe Cross of Christ /
_cJohn R. W. Stott.
264 1 _aDowners Grove, Illinois :
_bInter Varsity Press,
_c1986.
300 _a383 páginas ;
_c22 centímetros
336 _atext
_2rdacontent
337 _aunmediated
_2rdamedia
338 _avolume
_2rdacarrier
505 0 _aApproaching the cross -- The heart of the cross -- The achievement of the cross -- Living under the cross.
526 _aSEG42
526 _aSEG41
526 _aSEG40
526 _aSEG39
526 _aP94
526 _aP87
526 _aP86
526 _aP85
526 _aP77
526 _aP76
526 _aP35
650 0 4 _aCRUCIFIXION DE JESUS.
910 _ajck
_bjvq
_cjck
942 _2ddc
_cBOOK
949 _a232.3 S82
_wDEWEY
_c1
_i54206
_lCCODEBUL1
_mBUL
_r0
_sY
_tBOOK
_u2015-4-23
_xTEOLOGIA
_zUNKNOWN
_0COMPRA
_o.STAFF. Colección General
949 _a232.3 S82
_wDEWEY
_c2
_i40373
_lCCODEBUL1
_mBUL
_r0
_sY
_tBOOK
_u2015-6-16
_xTEOLOGIA
_zUNKNOWN
_0COMPRA
_o.STAFF. Colección General
994 _aC0
_bPEPRU
596 _a1
999 _a232.3 S82
_wDEWEY
_c58179
_i54206
_f2021-11-10
_g6
_lCCODEBUL1
_mBUL
_r0
_sY
_tBOOK
_u2015-4-23
_xTEOLOGIA
_zUNKNOWN
_0COMPRA
_o.STAFF. Colección General
_d58179
999 _a232.3 S82
_wDEWEY
_c2
_i40373
_f2021-11-10
_g6
_lCCODEBUL1
_mBUL
_r0
_sY
_tBOOK
_u2015-6-16
_xTEOLOGIA
_zUNKNOWN
_0COMPRA
_o.STAFF. Colección General
980 _81
_gALBERTO SANCHEZ Responsable de Automatización